| 000 -LEADER |
| fixed length control field |
00412cam a22001457a 4500 |
| 008 - FIXED-LENGTH DATA ELEMENTS--GENERAL INFORMATION |
| fixed length control field |
180718b1961 xxu||||| |||| 00| 0 eng d |
| 082 ## - DEWEY DECIMAL CLASSIFICATION NUMBER |
| Classification number |
B253 C273 |
| 100 ## - MAIN ENTRY--PERSONAL NAME |
| Personal name |
Cassinelli, C.W. |
| 245 ## - TITLE STATEMENT |
| Title |
Politics of freedom: an analysis of the modern democratic state |
| Statement of responsibility, etc. |
by C.W. Cassinelli |
| 260 ## - PUBLICATION, DISTRIBUTION, ETC. |
| Place of publication, distribution, etc. |
Seattle |
| Name of publisher, distributor, etc. |
Univ. of Wash. Press |
| Date of publication, distribution, etc. |
1961 |
| 300 ## - PHYSICAL DESCRIPTION |
| Extent |
214p. |
| 440 ## - SERIES STATEMENT/ADDED ENTRY--TITLE |
| Title |
bibl. |
| 500 ## - GENERAL NOTE |
| General note |
$4.75 |
| 650 ## - SUBJECT ADDED ENTRY--TOPICAL TERM |
| Topical term or geographic name entry element |
Democracy |